| 000 | 00592nam a2200229Ia 4500 | ||
|---|---|---|---|
| 005 | 20250425162740.0 | ||
| 008 | 250425s9999 xx 000 0 und d | ||
| 020 | _a0394546407 | ||
| 041 | _aeng | ||
| 082 | _a384.8 | ||
| 100 | _aTAYLOR, JOHN | ||
| 245 | 0 | _aSTORMING THE MAGIC KINGDOM WALL STREET, THE RAIDERS, AND THE BATTLE FOR DISNEY | |
| 250 | _a1ST ED. | ||
| 260 |
_aEstados Unidos _bALFRED A. KNOPF _c1987 |
||
| 260 | _aNEW YORK | ||
| 300 | _a250 | ||
| 650 | _aESTADOS UNIDOS | ||
| 650 | _aREORGANIZACION | ||
| 710 | _aALFRED A. KNOPF | ||
| 942 | _c01 | ||
| 010 | _a104679 | ||
| 999 |
_c235640 _d235640 |
||